| Tag |
First Indicator |
Second Indicator |
Subfields |
| LEADER |
00000cam a2200000 4500 |
| 001 |
in00003464713 |
| 005 |
20151206104304.0 |
| 008 |
761012s1918 xx 00000 eng |
| 010 |
|
|
|a 19001664
|
| 035 |
|
|
|a (OCoLC)ocm02498547
|
| 040 |
|
|
|a DLC
|c TOL
|d TNY
|d UtOrBLW
|
| 090 |
|
|
|a BJ1611
|b .F67
|
| 092 |
|
|
|a 658
|b F74lk
|
| 100 |
1 |
|
|a Forbes, B. C.
|q (Bertie Charles),
|d 1880-1954.
|
| 245 |
1 |
0 |
|a Keys to success, personal efficiency /
|c by B. C. Forbes.
|
| 264 |
|
1 |
|a New York :
|b B. C. Forbes publishing co.,
|c [1918]
|
| 264 |
|
4 |
|c [©1918]
|
| 300 |
|
|
|a viii, 247 pages ;
|c 20 cm.
|
| 336 |
|
|
|a text
|b txt
|2 rdacontent
|
| 337 |
|
|
|a unmediated
|b n
|2 rdamedia
|
| 338 |
|
|
|a volume
|b nc
|2 rdacarrier
|
| 650 |
|
0 |
|a Success.
|
| 999 |
|
|
|a MARS
|
| 999 |
f |
f |
|s 074160a4-9d76-3b81-a697-7ea5fc2b242a
|i e09fdc41-fef2-3990-81ae-b503e2db2da2
|t 0
|
| 952 |
f |
f |
|p ric
|a Texas A&M University
|b Rellis Campus
|c Joint Library Facility
|d Remote Storage
|t 0
|e BJ1611 .F67
|h Library of Congress classification
|i unmediated -- volume
|m 32060000801130
|
| 998 |
f |
f |
|a BJ1611 .F67
|t 0
|l Remote Storage
|